zpět

Detail výsledku týmu

Eden, Heřmanův Městec

Datum a čas kvízu

30 Celkem bodů Celkový počet nahraných bodů na tomto kvízu bez doplňovacích otázek.
3. Pořadí na kvízu Konečné umístění týmu na tomto kvízu.

Zaznamenané odpovědi

# Otázka Odpověď Body Výsledky
1. Česká vláda ve středu schválil... Morava, Dyje 1
2. V pondělí začalo největší nábo... v Indii 1
3. V pondělí byly odhaleny nomina... Vlny 1
4. Jak se nazývá kryptoměna, kter... $Trump 1
5. V pondělí jsme se na sociálníc... Adamczykovi 1
6. Který legendární řemeslník pos... Daidalos 1
7. Labyrint je specializovaný org... D 1
8. Labyrinty, spirály a podobné o... Friedensreich Hundertwasser 0
9. Která kost lebky obsahuje kost... kost spánková 1
10. Jak se jmenuje kniha, v níž vy... Labyrint světa a ráj srdce 1